Přímé zahraniční investice SRN v československé ekonomice

Saved in:
Bibliographic Details
Main Author: Pullmannová, E.
Format: Book
Language:Czech
Published: Praha Ústřední ústav národohospodářského výzkumu 1991
Edition:1. vyd.
Series:Studijně rozborové a informační materiály
Subjects:
Tags: Add Tag
No Tags, Be the first to tag this record!

MARC

LEADER 00000nam a2200000 4500
001 c005492
005 20221214094722.5
041 0 |a cze 
044 |a CZ 
245 1 0 |a Přímé zahraniční investice SRN v československé ekonomice  |c E. Pullmannová 
250 |a 1. vyd. 
264 1 |a Praha  |b Ústřední ústav národohospodářského výzkumu  |c 1991 
300 |a 40 s. 
490 1 |a Studijně rozborové a informační materiály 
830 0 |a Studijně rozborové a informační materiály 
610 2 0 |a investície zahraničné 
610 2 0 |a Nemecko 
610 2 0 |a ČSFR 
100 1 |a Pullmannová, E.